000 00818nam a2200253 a 4500
999 _c3603
_d3603
001 011490637
003 UkOxU
005 20220127064529.0
008 950824s1995 enk 001 0 eng d
020 _a0727909037
040 _aOX/U-1
_cALUPE UNIVERSITY COLLEGE
050 _aRC 349.8
_b.M36 1995
092 _aD0502901645
245 0 0 _aManagement of neurological disorders /
_cedited by C.M. Wiles
260 _aLondon :
_bBMJ,
_cc1995.
300 _aviii, 341 p. :
_bill. ;
_c22 cm
500 _a"Journal of neurology, neurosurgery and psychiatry" -- Cover
504 _aIncludes index.
650 0 _aNervous system
_xDiseases
_xTreatment
700 1 _aWiles, C. M.
740 0 _aJournal of neurology, neurosurgery and psychiatry
942 _2lcc
_cBK